| 000 | 01376nam a22002777a 4500 | ||
|---|---|---|---|
| 005 | 2009111306196.0 | ||
| 008 | 091113t xxu||||| |||| 00| 0 eng d | ||
| 010 | _aENG-95453 | ||
| 020 |
_a9788183822022 _c450.00 |
||
| 035 | _aEN-78986 | ||
| 037 | _bDBAD/PUB | ||
| 040 |
_aDPL _beng |
||
| 082 | _a250.51 | ||
| 245 |
_aThe discourses of Lord Buddha / _ctranslated from the Pali by V. Fausball |
||
| 260 |
_aNew Delhi _bLotus Press _c2010 |
||
| 270 |
_a4263/3, Ansari road, Darya Ganj _bNew Delhi _e110002 |
||
| 300 |
_a222p.: _c22 cm.(Hb) _b ill. |
||
| 490 | _aIndia Bookvarsity; Lotus Choices ; edited by Mahendra Kulasrestha | ||
| 500 | _aReprint. Originally published: Oxford University Press, 1894. (Sacred books of the East ; v. 10) | ||
| 505 | _aThe snake section (Uragavagga) -- The small section (Chulavagga) -- The large section (Mahavagga) -- The meanings section (Atthakavagga) -- The learning section (Parayana vagga). | ||
| 700 | _aFausball, B. | ||
| 856 | _uhttp://www.loc.gov/catdir/toc/ecip0721/2007025342.html | ||
| 942 |
_2ddc _cEN _mDIS |
||
| 999 |
_c31820 _d31820 |
||